Grito de gloria
Saved in:
| Main Author: | |
|---|---|
| Format: | Book |
| Language: | Spanish |
| Published: |
Buenos Aires
Latino-Americana
1954
|
| Series: | Obras Completas, 1
|
| Subjects: | |
| Tags: |
Add Tag
No Tags, Be the first to tag this record!
|
MARC
| LEADER | 00000nam a2200000 a 4500 | ||
|---|---|---|---|
| 001 | UCQ6616 | ||
| 003 | CL-VaPUC | ||
| 008 | 981016e19540000AG |||||||||||||||||spa|d | ||
| 082 | 0 | 4 | |a Ur863 |b ACE |2 21 |
| 100 | 0 | |a Acevedo Díaz, Eduardo |e author |9 420489 | |
| 245 | 1 | 0 | |a Grito de gloria |
| 300 | |a 229 p | ||
| 942 | |c BK | ||
| 945 | |d 19981016 00:00:00 |a lriquelm | ||
| 260 | |a Buenos Aires |b Latino-Americana |c 1954 | ||
| 650 | 0 | |a Literatura uruguaya |9 342815 | |
| 650 | 0 | |a Novelas uruguayas |9 317140 | |
| 583 | |a last modification |c 19981016 00:00:00 |k Rodrigo Vera | ||
| 490 | 0 | |a Obras Completas, 1 | |
| 999 | |c 276563 |d 276561 | ||
| 952 | |0 0 |1 0 |4 0 |6 UR_863_000000000000000_ACE_1954 |7 0 |8 A |9 313858 |a BIBEDU |b BIBEDU |d 2019-11-20 |i 148351K |o Ur863 ACE 1954 |p 148351K |r 2019-11-20 |w 2019-11-20 |y BK |k LIT | ||